Films tournés en Andalousie (par image) - Statistiques

Statistiques générales
  • Ce quiz a été pris 25 fois
  • Le résultat moyen est 5 sur 20
Statistiques - réponses
Par images Réponse % Correct
La Folie des grandeurs
83%
Le Bon, la brute et le truand
79%
Il était une fois dans l'ouest
63%
Lawrence d'Arabie
54%
Asterix aux Jeux olympiques
46%
Pour une poignée de dollars
46%
Et pour quelques dollars de plus
38%
Il était une fois la révolution
33%
Indiana Jones et la dernière croisade
17%
Mon nom est personne
17%
Compañeros
13%
Colorado
8%
Les Centurions
8%
Radin !
8%
800 balles
4%
Boulevard du rhum
4%
La Femme et le pantin
4%
Le Lion et le vent
4%
Les Étrangers
4%
Œil pour œil
4%
Aucun quiz correspondant
Distribution des résultats
% des personnes avec chaque résultat
Percentile par nombre de réponses
Votre historique - résultats
Vous n’avez pas pris ce quiz